000 01114 a2200169 4500
003 Nust
005 20231108175618.0
040 _cNust
082 _a629,GHO
100 _aGhost, Smarajit
_9106380
245 _aControl systems :
_btheory and applications /
_cSmarajit Ghost
260 _aIndia
_bPearson Education
_c2007
300 _axvi,612p.
505 _aFundamentals of Control Systems (Page-1), Laplace Transform and Matrix Algebra (Page-14), Transfer Function (Page-37), Control System Components (Page-59), Mathematical Modeling of Physical Systems (Page-106), Block Diagram (Page-141), Signal Flow Graphs (Page-177), Time Domain Analysis of Control Systems (Page-215), Feedback Characteristics Of Control Systems (Page-276), Stability (Page-310), Root Locus Method (Page-331), Frequency Domain Analysis (Page-375), Bode Plot (Page-388), Polar Plot (Page-429), Nyquist Plot (Page-445), Introduction to Compensators (Page-480), State Variable Approach (Page-498), Digital Control Systems (Page-541), Non-Linear Control Systems (Page-556).
650 _aTelecommunication Engineering
942 _2ddc
_cBK
999 _c189394
_d189394